[Event "Tema op 7th"]
[Site "Tema"]
[Date "2022.01.08"]
[Round "5"]
[White "Bonsu, Kwadwo Owusu Bempa"]
[Black "Arko Dadzie, George Kweku"]
[Result "1-0"]
[WhiteElo "1719"]
[BlackElo "1508"]
[PlyCount "85"]
[EventDate "2022.01.07"]
[EventType "swiss"]
[EventRounds "7"]
[EventCountry "GHA"]
[SourceTitle "EXT 2023"]
[Source "ChessBase"]
[SourceDate "2022.10.05"]
[SourceVersion "1"]
[SourceVersionDate "2022.10.05"]
[SourceQuality "1"]

1. c4 Nf6 2. Nc3 g6 3. Nf3 Bg7 4. e4 d6 5. d4 0-0 6. Be2 c6 7. 0-0 Nbd7 8. Bg5 h6 9. Bh4 Nh5 10. Ne1 Nf4 11. Nf3 Nf6 12. Re1 Nxe2+ 13. Rxe2 Bg4 14. Re3 Qa5 15. h3 Bh5 16. g4 g5 17. Bg3 Bg6 18. e5 dxe5 19. dxe5 Rad8 20. Qb3 Nd7 21. Qxb7 Qc5 22. b3 Nb8 23. Na4 Qa5 24. Qxe7 Rfe8 25. Qc5 Qxc5 26. Nxc5 f6 27. Rae1 f5 28. gxf5 Bxf5 29. Kg2 g4 30. hxg4 Bxg4 31. Nh2 Bf5 32. f4 Rd2+ 33. R3e2 Red8 34. Nf3 Rxe2+ 35. Rxe2 Bf8 36. Ne4 Rd3 37. Nf6+ Kf7 38. Nh4 Bc8 39. f5 c5 40. Nd5 Nc6 41. e6+ Kg7 42. f6+ Kh8 43. e7 1-0

[Event "GHA-ch"]
[Site "Accra"]
[Date "2017.12.28"]
[Round "4"]
[White "Ajavon, Anthony Obieni"]
[Black "Bonsu, Kwadwo Owusu Bempa"]
[Result "1-0"]
[WhiteElo "1760"]
[BlackElo "1845"]
[PlyCount "85"]
[EventDate "2017.12.26"]
[EventType "tourn"]
[EventRounds "9"]
[EventCountry "GHA"]
[SourceTitle "EXT 2019"]
[Source "ChessBase"]
[SourceDate "2018.10.10"]
[SourceVersion "1"]
[SourceVersionDate "2018.10.10"]
[SourceQuality "1"]

1. d4 d5 2. c4 dxc4 3. Nc3 Nf6 4. Bf4 c6 5. a4 Bf5 6. e3 e6 7. Bxc4 Bb4 8. Nge2 Nbd7 9. 0-0 0-0 10. Ng3 Bg6 11. Qb3 Qb6 12. Rfc1 Nd5 13. Nxd5 exd5 14. Bxd5 Bd2 15. Qxb6 Nxb6 16. Rd1 Nxd5 17. Rxd2 Nxf4 18. exf4 f6 19. d5 cxd5 20. Rxd5 Be8 21. a5 a6 22. h4 Rc8 23. Rd6 Rc4 24. Rb6 Bc6 25. Nf5 Rxf4 26. Ne7+ Kf7 27. Nxc6 bxc6 28. Rxa6 Rb4 29. Rxc6 Rxb2 30. Rc7+ Kg6 31. a6 Ra8 32. a7 h5 33. Rd1 Ra2 34. Rdd7 Ra1+ 35. Kh2 Ra4 36. Rxg7+ Kf5 37. g3 Ke6 38. Rce7+ Kd6 39. Rd7+ Kc6 40. Rdf7 Kd5 41. Rxf6 R8xa7 42. Rxa7 Rxa7 43. Rf5+ 1-0

[Event "Accra President's Cup 4th"]
[Site "Accra"]
[Date "2014.06.28"]
[Round "2"]
[White "Bonsu, Kwadwo Owusu Bempa"]
[Black "Sriram, Jha"]
[Result "0-1"]
[WhiteElo "1830"]
[BlackElo "2375"]
[PlyCount "95"]
[EventDate "2014.06.27"]
[EventType "swiss"]
[EventRounds "9"]
[EventCountry "GHA"]
[SourceTitle "EXT 2018"]
[Source "ChessBase"]
[SourceDate "2017.10.13"]
[SourceVersion "1"]
[SourceVersionDate "2017.10.13"]
[SourceQuality "1"]

1. d4 Nf6 2. c4 g6 3. Nc3 Bg7 4. e4 d6 5. f3 0-0 6. Be3 Nc6 7. Bd3 e5 8. d5 Nd4 9. Nge2 Nh5 10. Qd2 c5 11. Bg5 Bf6 12. Bxf6 Qxf6 13. 0-0 Nxe2+ 14. Nxe2 g5 15. a3 Nf4 16. Ng3 h5 17. Nf5 h4 18. h3 a5 19. a4 Bxf5 20. exf5 Nh5 21. Be4 Ng3 22. Rfc1 Nxf5 23. Bxf5 Qxf5 24. Qc2 Qxc2 25. Rxc2 Ra6 26. Rc3 Rb6 27. b3 Ra6 28. Kh2 f5 29. g3 hxg3+ 30. Kxg3 Kf7 31. Rh1 Raa8 32. Rc2 Rh8 33. Rg2 Kf6 34. Rgh2 Rh4 35. Rd1 Rah8 36. Rdh1 Rd4 37. h4 Rdxh4 38. Rxh4 Rxh4 39. Rxh4 gxh4+ 40. Kxh4 f4 41. Kg4 Kg6 42. Kh3 Kf5 43. Kg2 e4 44. fxe4+ Kxe4 45. Kf2 f3 46. Kf1 Ke3 47. Ke1 f2+ 48. Kf1 0-1